| 000 | 00717nam a22002297a 4500 | ||
|---|---|---|---|
| 001 | sjds1701865 | ||
| 003 | sjds | ||
| 005 | 20171012140326.0 | ||
| 008 | 171012b nyu||||| |||| 00| 0 spa d | ||
| 020 | _a9789706750242 (pbk.) | ||
| 020 | _a970675024X (pbk.) | ||
| 040 | _csjds | ||
| 041 |
_aspa _heng |
||
| 100 | _aPackard, Mary | ||
| 245 |
_aSoy un bombero _cpor Mary Packard ; ilustrado por Julie Durrell ; traducido por Rosana Villegas. |
||
| 260 |
_aNueva York : _bScholastic, 2000 _cScholastic, 2000 |
||
| 300 |
_a 1 volume (unpaged) : _bcolor illustrations ; _c23 cm. |
||
| 440 |
_a Hello reader!, _pLevel 1. |
||
| 521 | _aPreschool-grade 1.; 003-006. | ||
| 740 | _aI'm a fire fighter. | ||
| 942 | _cBK | ||
| 999 |
_c18916 _d18916 |
||